000 00949nam a2200217Ia 4500
999 _c35355
_d35355
001 1208
003 GE_BSU
005 20210312133943.0
008 181216s2007||||ge |||||||||||||| ||geo||
020 _a9789992870716
040 _cGE_BSU
041 _ageo
080 _a502(479.22)+7965(479.22) ს-32
245 _aსაქართველოს დაცული ტერიტორიები /
_cრედ. არჩილ ქიქოძე. რამაზ გოხელაშვილი.
264 _aთბილისი,
_c2007.
_bწიგნის სახელოსნო,
300 _a248 გვ.;
_b ფოტ. ;
_c20 სმ.
653 _a საქართველოს ნაკრძალები
700 _aქიქოძე, არჩილ
_eრედაქტორი
_910437
700 _aგოხელაშვილი, რამაზ
_eრედაქტორი
_910438
942 _cBK
_2udc